| 000 | 00332 a2200133 4500 | ||
|---|---|---|---|
| 005 | 20250619115134.0 | ||
| 020 | _a81-7391-505-9 | ||
| 082 | _a303.484 SHA | ||
| 100 | _aSHARMA, Y. K. | ||
| 245 | _aThe Doctrine of the Great Indian Educators. | ||
| 260 |
_aNew Delhi, _bKanishka, _c2013. |
||
| 300 |
_axiv,371p.: _c22cm. |
||
| 942 |
_2ddc _cBKS |
||
| 999 |
_c238 _d238 |
||